| 000 | 00672nam a22002057a 4500 | ||
|---|---|---|---|
| 003 | OSt | ||
| 005 | 20260309073948.0 | ||
| 008 | 260309b |||||||| |||| 00| 0 eng d | ||
| 020 | _a978-621-406-374-1 | ||
| 040 |
_aDWCL Main lib _cOC |
||
| 082 | _aFil. 001.4 M314r 2024 | ||
| 100 | _aMarcelo, Jefferson S. | ||
| 245 |
_aResearch in tourism and hospitality: _ba comprehensive guide for college students _cJefferson S. Marcelo |
||
| 260 |
_aManila, Philippines: _bMindshapers, _cc2024. |
||
| 300 |
_aviii, 209 pages; _c25 cm. |
||
| 504 | _aIncludes bibliographical references. | ||
| 650 | _a1. Research. | ||
| 700 | _aRumar R. Abaigar | ||
| 942 |
_2ddc _cBK - FIL _kFil. _n0 |
||
| 999 |
_c8753 _d8753 |
||